000 00647nam a2200217Ia 4500
003 GCL
008 140319s9999 xx 000 0 ara d
040 _aGCL /
_cGCL
082 0 4 _a227.6
_bع ت
100 1 _aعبدالمنعم سيد حسن
245 1 0 _aنماذج من الحضارة القرانية فى سورة الروم /
_cعبدالمنعم سيد حسن
260 _a[S.N] :
_bدار البيان العربى ،
_c1985
300 _a558 ص
490 _a
650 0 4 _aالاسلام
650 0 4 _aالديانات
650 0 4 _aتفاسير
650 0 4 _aسورة الروم
650 0 4 _aالقران
942 _2ddc
_cBK
999 _c29282
_d29282